[Event "Gelfand Challenge 2021"]
[Site "chess24.com INT"]
[Date "2021.06.10"]
[Round "4.10"]
[White "Nihal, Sarin"]
[Black "Zhu, Jiner"]
[Result "1-0"]
[WhiteTitle "GM"]
[BlackTitle "WGM"]
[WhiteElo "2620"]
[BlackElo "2462"]
[WhiteFideId "25092340"]
[BlackFideId "8608059"]
[EventDate "2021.06.10"]

1. Nf3 Nf6 2. c4 e6 3. e3 d5 4. b3 c5 5. Bb2 Nc6 6. cxd5 exd5 7. Bb5 Bd7 8. O-O
Bd6 9. d4 cxd4 10. Nxd4 O-O 11. Nf3 a6 12. Be2 Be6 13. Nc3 Rc8 14. Rc1 Bb8 15.
Na4 Ne4 16. Nc5 Qe7 17. Nd3 Rfd8 18. Nd4 Ba7 19. Nxc6 bxc6 20. Nf4 Bf5 21. Bg4
Bxg4 22. Qxg4 f6 23. Nxd5 Qe8 24. Bxf6 Rd7 25. Ne7+ Kf7 26. Nxc8 Nxf6 27. Qc4+ 1-0

[Event "Gelfand Challenge 2021"]
[Site "chess24.com INT"]
[Date "2021.06.10"]
[Round "5.1"]
[White "Zhu, Jiner"]
[Black "Keymer, Vincent"]
[Result "0-1"]
[WhiteTitle "WGM"]
[BlackTitle "GM"]
[WhiteElo "2462"]
[BlackElo "2591"]
[WhiteFideId "8608059"]
[BlackFideId "12940690"]
[EventDate "2021.06.10"]

1. e4 c5 2. Nf3 d6 3. d4 cxd4 4. Nxd4 Nf6 5. Nc3 a6 6. Be2 e5 7. Nf3 Be7 8. a4
h6 9. O-O O-O 10. Be3 Be6 11. a5 Nbd7 12. Nd2 Qc7 13. Bf3 Rfc8 14. Qe2 Qc6 15.
Rfd1 Bd8 16. Ra3 Nf8 17. Rc1 N8h7 18. h4 Ne8 19. Nd5 Bxd5 20. exd5 Qd7 21. g3 f5
22. c4 Nef6 23. Nf1 e4 24. Bg2 Ng4 25. b4 Nhf6 26. Bd4 Nxd5 27. Qd2 Ne7 28. f3
exf3 29. Rxf3 Nc6 30. Bb2 Bf6 31. Qd5+ Kh8 32. Bxf6 Nxf6 33. Qxf5 Qc7 34. Rf2
Rf8 35. Qb1 Ne5 36. Ne3 Rae8 37. Rcf1 Nxc4 38. Nd5 Qf7 39. Nxf6 gxf6 40. Qa1 Re5
41. Qd4 Ne3 42. Rxf6 Qxf6 43. Rxf6 Rxf6 44. Bxb7 Nf5 45. Qc3 Rg6 46. Kf2 Rxg3
47. Qc8+ Rg8 48. Qc3 Ne3 49. Bxa6 Nd1+ 0-1

[Event "Gelfand Challenge 2021"]
[Site "chess24.com INT"]
[Date "2021.06.10"]
[Round "5.2"]
[White "Mendonca, Leon Luke"]
[Black "Nihal, Sarin"]
[Result "1/2-1/2"]
[WhiteTitle "GM"]
[BlackTitle "GM"]
[WhiteElo "2549"]
[BlackElo "2620"]
[WhiteFideId "35028561"]
[BlackFideId "25092340"]
[EventDate "2021.06.10"]

1. Nf3 d5 2. e3 Nf6 3. c4 e6 4. Nc3 c5 5. cxd5 exd5 6. d4 Nc6 7. Be2 cxd4 8.
Nxd4 Bd6 9. O-O O-O 10. Nf3 a6 11. b3 Be6 12. Bb2 Qe7 13. Rc1 Rad8 14. Na4 Ne4
15. Bxa6 Nb4 16. Be2 Nxa2 17. Ra1 Nb4 18. Nc3 Nc6 19. Nb5 Bc5 20. Nbd4 Nb4 21.
Rc1 h6 22. Bb5 Na2 23. Rc2 Nb4 24. Rc1 Rc8 25. Be2 Na2 26. Rc2 Nb4 27. Rc1 Rfd8
28. Ne1 Na2 29. Rc2 Nb4 30. Rc1 Na2 31. Rc2 Nb4 32. Rc1 1/2-1/2

[Event "Gelfand Challenge 2021"]
[Site "chess24.com INT"]
[Date "2021.06.10"]
[Round "5.3"]
[White "Praggnanandhaa, R"]
[Black "Yip, Carissa"]
[Result "1-0"]
[WhiteTitle "GM"]
[BlackTitle "IM"]
[WhiteElo "2608"]
[BlackElo "2430"]
[WhiteFideId "25059530"]
[BlackFideId "2090732"]
[EventDate "2021.06.10"]

1. d4 Nf6 2. c4 g6 3. Nc3 Bg7 4. e4 O-O 5. Be2 d6 6. h4 e5 7. d5 c6 8. h5 cxd5
9. cxd5 Nbd7 10. Be3 Nc5 11. h6 Bh8 12. Bxc5 dxc5 13. Nf3 Ne8 14. Nd2 Bd7 15. a4
Qg5 16. g3 Rd8 17. Qb3 b6 18. O-O-O Nd6 19. Kb1 Qe7 20. Nc4 Rb8 21. Nxd6 Qxd6
22. Bb5 Bg4 23. Rd3 Bf6 24. Qc4 Rfd8 25. Bc6 Qf8 26. f3 Bc8 27. Rhd1 Be7 28. Nb5
Ba6 29. Qc1 Bxb5 30. axb5 Rd6 31. Ra3 Qd8 32. Rxa7 Bg5 33. f4 Bxh6 34. Qc3 Bg7
35. fxe5 Qg5 36. Qf3 Qxe5 37. Qxf7+ Kh8 38. Qxg7+ Qxg7 39. Rxg7 Kxg7 40. e5 Rdd8
41. d6 Kf7 42. Bd5+ Kg7 43. Bc4 Re8 44. e6 Rbd8 45. Kc2 Kf6 46. e7 Rd7 47. Rf1+
Kg5 48. Rf8 Rexe7 49. dxe7 Rxe7 50. Rb8 Re3 51. Rxb6 Rxg3 52. Rc6 1-0

[Event "Gelfand Challenge 2021"]
[Site "chess24.com INT"]
[Date "2021.06.10"]
[Round "5.4"]
[White "Bjerre, Jonas Buhl"]
[Black "Abdusattorov, Nodirbek"]
[Result "1/2-1/2"]
[WhiteTitle "GM"]
[BlackTitle "GM"]
[WhiteElo "2542"]
[BlackElo "2634"]
[WhiteFideId "1444948"]
[BlackFideId "14204118"]
[EventDate "2021.06.10"]

1. e4 c6 2. d4 d5 3. e5 Bf5 4. Nd2 e6 5. Nb3 Nd7 6. Nf3 c5 7. dxc5 a6 8. Be3 Ne7
9. c4 Bg4 10. Be2 dxc4 11. Bxc4 Nf5 12. Bd2 Nxe5 13. Be2 Nd3+ 14. Bxd3 Qxd3 15.
Qe2 Qd5 16. h3 Bxf3 17. Qxf3 Qxf3 18. gxf3 O-O-O 19. Rc1 Be7 20. Ke2 Rd5 21. Be3
Rhd8 22. Rc4 Bf6 23. Rc2 Kc7 24. Rhc1 Nd4+ 25. Nxd4 Bxd4 26. b4 Rh5 27. Rh1 Kc6
28. a4 e5 29. Rc4 Bxe3 30. Kxe3 f5 31. h4 g5 32. Rb1 Rxh4 33. b5+ axb5 34. axb5+
Kc7 35. Rxh4 gxh4 36. Rg1 h3 37. Rg5 h2 38. Rh5 Rh8 39. Rxh2 h5 40. Rh4 Kd7 41.
f4 e4 42. Kd4 Ke6 43. c6 b6 44. c7 Kd7 45. Ke5 Kxc7 46. Kxf5 Kd6 47. Kxe4 Ke6
48. f5+ Kf6 49. Kf4 Rh7 50. Rh1 h4 51. Kg4 Rg7+ 52. Kf4 Rh7 53. Kg4 Rg7+ 54. Kf4
Rg5 55. Rxh4 Rxf5+ 56. Ke4 Rxb5 57. f4 Rb4+ 58. Kd3 Kf5 59. Kc3 Rxf4 60. Rxf4+
Kxf4 61. Kb4 b5 62. Kxb5 1/2-1/2

[Event "Gelfand Challenge 2021"]
[Site "chess24.com INT"]
[Date "2021.06.10"]
[Round "5.5"]
[White "Lei, Tingjie"]
[Black "Murzin, Volodar"]
[Result "1-0"]
[WhiteTitle "GM"]
[BlackTitle "IM"]
[WhiteElo "2505"]
[BlackElo "2502"]
[WhiteFideId "8605114"]
[BlackFideId "44155573"]
[EventDate "2021.06.10"]

1. e4 c6 2. d4 d5 3. e5 Bf5 4. Nd2 e6 5. Nb3 Nd7 6. Nf3 Ne7 7. Be2 h6 8. O-O g5
9. a4 Bg7 10. a5 Qc7 11. Bd2 Ng6 12. c4 dxc4 13. Bxc4 Rd8 14. Qe2 O-O 15. Rfc1
Rfe8 16. Ne1 Ne7 17. Bb4 c5 18. Nxc5 Nc6 19. Nxd7 Qxd7 20. Bd6 Nxd4 21. Qe3 Nb5
22. Bc5 a6 23. Nf3 Rc8 24. b4 Nc7 25. Rd1 Nd5 26. Qb3 Qc6 27. Nd4 Qc7 28. Nxf5
Bxe5 29. Nxh6+ Kg7 30. Ng4 Bxa1 31. Rxa1 Qf4 32. Bxd5 exd5 33. Ne3 Red8 34. Rd1
d4 35. Nd5 Qg4 36. Bxd4+ Kh6 37. Ne3 1-0

[Event "Gelfand Challenge 2021"]
[Site "chess24.com INT"]
[Date "2021.06.10"]
[Round "5.6"]
[White "Abdumalik, Zhansaya"]
[Black "Khademalsharieh, Sarasadat"]
[Result "1/2-1/2"]
[WhiteTitle "IM"]
[BlackTitle "IM"]
[WhiteElo "2472"]
[BlackElo "2494"]
[WhiteFideId "13703544"]
[BlackFideId "12512214"]
[EventDate "2021.06.10"]

1. e4 e5 2. Nf3 Nc6 3. Bc4 Bc5 4. d3 Nf6 5. O-O d6 6. c3 a6 7. Re1 Ba7 8. b4 Ng4
9. Rf1 Nf6 10. Nbd2 h6 11. a4 g5 12. Qb3 O-O 13. Ra2 Ne7 14. d4 Ng6 15. dxe5
dxe5 16. b5 Bc5 17. Qc2 axb5 18. axb5 Rxa2 19. Qxa2 Qe7 20. Nb3 Bd6 21. Re1 Kg7
22. Nfd2 Nf4 23. Nf1 Be6 24. Qa4 Nd7 25. Bxe6 fxe6 26. Be3 Nc5 27. Nxc5 Bxc5 28.
Qc4 Bb6 29. Bxb6 cxb6 30. Rd1 Qc5 31. Qxc5 Ne2+ 32. Kh1 bxc5 33. f3 Nxc3 34. Rc1
Nxb5 35. Rxc5 Nd4 36. Ne3 b5 37. Ng4 b4 38. Nxe5 b3 39. Rc7+ Kg8 40. Rb7 Rc8 41.
h4 gxh4 42. Kh2 Rc5 43. Nd7 Rb5 44. Nf6+ Kf8 45. Rd7 b2 46. Nh7+ Ke8 47. Nf6+
Kf8 48. Nh7+ Ke8 49. Nf6+ Kf8 1/2-1/2

[Event "Gelfand Challenge 2021"]
[Site "chess24.com INT"]
[Date "2021.06.10"]
[Round "5.7"]
[White "Shuvalova, Polina"]
[Black "Liang, Awonder"]
[Result "0-1"]
[WhiteTitle "IM"]
[BlackTitle "GM"]
[WhiteElo "2489"]
[BlackElo "2592"]
[WhiteFideId "24171760"]
[BlackFideId "2056437"]
[EventDate "2021.06.10"]

1. e4 d5 2. exd5 Qxd5 3. Nc3 Qd8 4. d4 Nf6 5. Nf3 g6 6. Bc4 Bg7 7. O-O O-O 8.
Re1 a6 9. Bf4 b5 10. Be2 Bb7 11. Ne5 Nd5 12. Nxd5 Bxd5 13. a4 b4 14. a5 Nc6 15.
Qd2 Qe8 16. Bf3 Rd8 17. Bxd5 Rxd5 18. c3 Nxa5 19. Qe2 bxc3 20. bxc3 Bxe5 21.
dxe5 Qc6 22. Ra4 Qxa4 0-1

[Event "Gelfand Challenge 2021"]
[Site "chess24.com INT"]
[Date "2021.06.10"]
[Round "5.8"]
[White "Mammadzada, Gunay"]
[Black "Salimova, Nurgyul"]
[Result "1-0"]
[WhiteTitle "IM"]
[BlackTitle "IM"]
[WhiteElo "2443"]
[BlackElo "2395"]
[WhiteFideId "13403729"]
[BlackFideId "2915138"]
[EventDate "2021.06.10"]

1. e4 c6 2. d4 d5 3. Nc3 dxe4 4. Nxe4 Nf6 5. Nxf6+ exf6 6. c3 Bd6 7. Bd3 Na6 8.
Qf3 Nc7 9. Ne2 O-O 10. O-O Re8 11. Ng3 Bxg3 12. Qxg3 Nd5 13. Bh6 g6 14. Bd2 Be6
15. b3 Kg7 16. Rfe1 Qd7 17. c4 Ne7 18. Qh4 h5 19. Bc3 Ng8 20. h3 Bf5 21. Bf1 a5
22. f3 a4 23. g4 hxg4 24. hxg4 g5 25. Qh2 Bg6 26. Qd2 axb3 27. axb3 Qd6 28. Kg2
Ne7 29. Rxa8 Rxa8 30. Bb4 Ra2 31. Qxa2 Qxb4 32. Re3 Bh7 33. Qa4 Qd6 34. Qa7 Ng6
35. Qc5 Nh4+ 36. Kf2 Qh2+ 37. Ke1 Qg1 38. Ke2 Ng6 39. Re4 Nf4+ 40. Rxf4 gxf4 41.
Qe7 Qxd4 42. Ke1 Qc3+ 43. Kf2 Qxb3 44. g5 Qb2+ 45. Kg1 Qd4+ 46. Kg2 fxg5 47.
Qxg5+ Bg6 48. Qe7 Qd2+ 49. Kh1 Qb2 50. c5 Qc3 51. Bg2 Qc1+ 52. Kh2 Qb2 53. Qd6
Qf6 54. Qc7 Qh4+ 55. Kg1 Qe1+ 56. Kh2 Qb4 57. Qe5+ Kh7 58. Qe7 b6 59. Qh4+ Kg7
60. cxb6 Qxb6 61. Qxf4 Qc5 62. Qc7 Qh5+ 63. Kg1 c5 64. f4 Qd1+ 65. Kh2 Qh5+ 66.
Kg1 Qf5 67. Kh2 Qc2 68. Qe5+ Kh7 69. Kg3 c4 70. Bh3 Qd3+ 71. Kh4 Qd8+ 72. Kg3
Qd3+ 73. Kh4 Qe4 74. Qc7 c3 75. Kg5 c2 76. Bg4 Qe3 77. Bf5 Qg3+ 78. Kf6 Qh4+ 79.
Ke5 Qe1+ 80. Kf6 c1=Q 81. Qxf7+ Kh8 82. Qg7# 1-0

[Event "Gelfand Challenge 2021"]
[Site "chess24.com INT"]
[Date "2021.06.10"]
[Round "5.9"]
[White "Saduakassova, Dinara"]
[Black "Badelka, Olga"]
[Result "1-0"]
[WhiteTitle "IM"]
[BlackTitle "IM"]
[WhiteElo "2500"]
[BlackElo "2418"]
[WhiteFideId "13700090"]
[BlackFideId "13509926"]
[EventDate "2021.06.10"]

1. d4 Nf6 2. Nf3 e6 3. Bf4 d5 4. e3 c5 5. c3 Nc6 6. Nbd2 Nh5 7. Be5 f6 8. Bg3 g6
9. Bd3 Be7 10. Qc2 Bd7 11. dxc5 Bxc5 12. e4 Nxg3 13. hxg3 Qb6 14. Nb3 dxe4 15.
Bxe4 O-O-O 16. Nxc5 Qxc5 17. O-O-O f5 18. Bxc6 Bxc6 19. Ng5 Qe7 20. f4 Rxd1+ 21.
Qxd1 e5 22. Qe1 e4 23. Qe3 Kb8 24. Nf3 Qf7 25. Qd4 Rc8 26. Ne5 Qxa2 27. Nxc6+
bxc6 28. Rxh7 c5 29. Qd6+ Ka8 30. Qd7 Qa6 31. Qd5+ Kb8 32. Rg7 Qf1+ 33. Kc2 Qa6
34. g4 e3 35. Qe5+ Ka8 36. Qxe3 fxg4 37. Qe4+ Kb8 38. Rxg6 Qf1 39. Rg7 Qb5 40.
f5 Re8 41. Re7 Rxe7 42. Qxe7 Qf1 43. Qd6+ Kb7 44. Qd5+ Kb6 45. Qe6+ Kb7 46. Qe4+
Kb6 47. Kb3 Qd1+ 48. Ka2 Qa4+ 49. Qxa4 1-0

[Event "Gelfand Challenge 2021"]
[Site "chess24.com INT"]
[Date "2021.06.10"]
[Round "5.10"]
[White "Yoo, Christopher Woojin"]
[Black "Gukesh, D"]
[Result "1-0"]
[WhiteTitle "IM"]
[BlackTitle "GM"]
[WhiteElo "2457"]
[BlackElo "2578"]
[WhiteFideId "30909694"]
[BlackFideId "46616543"]
[EventDate "2021.06.10"]

1. d4 f5 2. Nf3 Nf6 3. c4 e6 4. g3 Bb4+ 5. Bd2 Qe7 6. Bg2 O-O 7. O-O Bxd2 8.
Nbxd2 d6 9. b4 e5 10. dxe5 dxe5 11. Qb3 c5 12. bxc5 Nc6 13. e3 Nd7 14. Qa3 g5
15. Nb3 g4 16. Nfd2 e4 17. Rfd1 Nde5 18. Nd4 Be6 19. Qc3 Qf6 20. Rac1 Nd3 21.
Rb1 Rfd8 22. Bxe4 Nxd4 23. exd4 Nxf2 24. Bxb7 Nxd1 25. Rxd1 Rab8 26. c6 Rxd4 27.
Re1 Kf7 28. Rxe6 Kxe6 29. c7 Rf8 30. c8=Q+ Rxc8 31. Bxc8+ Kf7 32. Bxf5 Qe5 33.
Be4 h5 34. Kf2 Qc5 35. Ke2 Ke7 36. Qe3 Kd8 37. Bd5 Qb6 38. Nb3 1-0

[Event "Gelfand Challenge 2021"]
[Site "chess24.com INT"]
[Date "2021.06.11"]
[Round "6.1"]
[White "Keymer, Vincent"]
[Black "Gukesh, D"]
[Result "1-0"]
[WhiteTitle "GM"]
[BlackTitle "GM"]
[WhiteElo "2591"]
[BlackElo "2578"]
[WhiteFideId "12940690"]
[BlackFideId "46616543"]
[EventDate "2021.06.10"]

1. Nf3 Nf6 2. c4 e6 3. Nc3 d5 4. e3 b6 5. cxd5 exd5 6. g3 Bb7 7. Bg2 Nbd7 8. O-O
g6 9. b3 Bg7 10. Bb2 O-O 11. Rc1 a6 12. Re1 Qe7 13. d3 Rfe8 14. Re2 Rad8 15.
Rec2 c5 16. d4 c4 17. Nd2 cxb3 18. Nxb3 Qd6 19. Nb1 Rc8 20. Ba3 Qb8 21. Nc3 Bf8
22. Bxf8 Kxf8 23. Ne2 Rxc2 24. Rxc2 Rc8 25. Nf4 Rxc2 26. Qxc2 Qd6 27. Nc1 Ke7
28. Nce2 Nf8 29. Nd3 Ne6 30. Qb3 Ne4 31. h4 Nd2 32. Qd1 Ne4 33. Qb3 Nd2 34. Qc2
Ne4 35. Qb2 a5 36. Nc3 Nxc3 37. Qxc3 f6 38. Qb3 Qc6 39. h5 g5 40. Qb1 b5 41. Nc5
Nf8 42. a3 Bc8 43. Qb3 Kd6 44. e4 Nd7 45. exd5 Nxc5 46. Qf3 Qd7 47. Qxf6+ Ne6
48. Qe5+ Ke7 49. dxe6 Qxe6 50. Qxg5+ Qf6 51. Qc5+ Kd8 52. Qxb5 Qxd4 53. Qxa5+
Ke8 54. Qb5+ Bd7 55. Qb8+ Kf7 56. Qb3+ Be6 57. Qf3+ Kg7 58. Kh2 Bg4 59. Qe3 Qf6
60. h6+ Kg6 61. a4 Qa1 62. Be4+ Kh5 63. Qc5+ Kxh6 64. Qf8+ Kh5 65. Qf7+ 1-0

[Event "Gelfand Challenge 2021"]
[Site "chess24.com INT"]
[Date "2021.06.11"]
[Round "6.2"]
[White "Badelka, Olga"]
[Black "Yoo, Christopher Woojin"]
[Result "0-1"]
[WhiteTitle "IM"]
[BlackTitle "IM"]
[WhiteElo "2418"]
[BlackElo "2457"]
[WhiteFideId "13509926"]
[BlackFideId "30909694"]
[EventDate "2021.06.10"]

1. d4 Nf6 2. c4 e6 3. Nf3 d5 4. g3 Be7 5. Bg2 O-O 6. Qc2 c5 7. dxc5 Qa5+ 8. Nc3
Nc6 9. cxd5 exd5 10. O-O Qxc5 11. Qd3 d4 12. Na4 Qa5 13. b3 Bf5 14. Qd1 Rfd8 15.
Bd2 Qb5 16. Ne1 Nd5 17. Nd3 Bxd3 18. exd3 Qxd3 19. Re1 Bb4 20. Bxb4 Qxd1 21.
Raxd1 Ndxb4 22. Nc5 Rab8 23. a3 Nc2 24. Re2 Nxa3 25. Nxb7 Rxb7 26. Bxc6 Rbb8 27.
Rd3 Rd6 28. Ba4 Kf8 29. Red2 Nb5 30. b4 Rdb6 31. Bxb5 Rxb5 32. Rxd4 Rxb4 33. Rd7
R4b7 34. R7d6 Ra8 35. Ra6 Rb6 36. Ra5 Ke7 37. h4 h6 38. Kg2 a6 39. Rdd5 Rab8 40.
Rd2 R8b7 41. Rda2 Ra7 42. R2a4 Kd6 43. Rg4 f6 44. Rga4 Rc6 45. Kh3 Kc7 46. Ra2
Kb6 47. Kg4 Rc5 48. Rxc5 Kxc5 49. Kf5 a5 50. Kg6 a4 51. f4 Kb4 52. f5 a3 53. g4
Kb3 54. Rh2 a2 55. Rh1 Kb2 56. Rh2+ Ka3 57. Rh1 Rb7 58. Ra1 Kb2 0-1

[Event "Gelfand Challenge 2021"]
[Site "chess24.com INT"]
[Date "2021.06.11"]
[Round "6.3"]
[White "Salimova, Nurgyul"]
[Black "Saduakassova, Dinara"]
[Result "1/2-1/2"]
[WhiteTitle "IM"]
[BlackTitle "IM"]
[WhiteElo "2395"]
[BlackElo "2500"]
[WhiteFideId "2915138"]
[BlackFideId "13700090"]
[EventDate "2021.06.10"]

1. d4 Nf6 2. c4 e6 3. g3 d5 4. Bg2 Be7 5. Nf3 O-O 6. Nc3 dxc4 7. Ne5 Nc6 8. Bxc6
bxc6 9. Nxc6 Qe8 10. Nxe7+ Qxe7 11. Qa4 c5 12. dxc5 Qxc5 13. Be3 Qc7 14. O-O-O
Bb7 15. f3 Nd5 16. Bd4 Rfd8 17. Qa3 a5 18. Nxd5 Rxd5 19. e4 Rdd8 20. Qc3 f6 21.
Be3 Ba6 22. Rxd8+ Rxd8 23. Rd1 Kf7 24. Rxd8 Qxd8 25. Qd4 Qxd4 26. Bxd4 e5 27.
Bb6 a4 28. Kd2 Bb7 29. Kc3 f5 30. Kb4 fxe4 31. fxe4 Bc6 32. Kxc4 Bxe4 33. b3
axb3 34. axb3 Ke6 35. b4 Bd5+ 36. Kc5 e4 37. Kd4 Bc6 38. Bc7 g6 39. Bf4 h5 40.
Kc5 Ba8 41. b5 Kd7 42. Kb6 Bd5 43. Kc5 Ba8 44. Kd4 Ke6 45. Kc5 Kd7 1/2-1/2

[Event "Gelfand Challenge 2021"]
[Site "chess24.com INT"]
[Date "2021.06.11"]
[Round "6.4"]
[White "Liang, Awonder"]
[Black "Mammadzada, Gunay"]
[Result "1-0"]
[WhiteTitle "GM"]
[BlackTitle "IM"]
[WhiteElo "2592"]
[BlackElo "2443"]
[WhiteFideId "2056437"]
[BlackFideId "13403729"]
[EventDate "2021.06.10"]

1. e4 c5 2. Nc3 a6 3. Nge2 d6 4. a4 Nf6 5. g3 e6 6. Bg2 Be7 7. O-O O-O 8. d3 Nc6
9. h3 Qc7 10. g4 Nd4 11. Nxd4 cxd4 12. Ne2 e5 13. f4 Kh8 14. Ng3 exf4 15. Bxf4
Nd7 16. Nf5 Ne5 17. Kh1 Bxf5 18. exf5 Rac8 19. Rf2 Bh4 20. Re2 f6 21. a5 Rfe8
22. Ra4 Qc5 23. b3 d5 24. Kh2 h6 25. Qf1 Bg5 26. Bg3 Nc6 27. h4 Be3 28. Qf3 Rcd8
29. g5 hxg5 30. hxg5 fxg5 31. f6 Rf8 32. Qh5+ Kg8 33. fxg7 Rf7 34. Qh8# 1-0

[Event "Gelfand Challenge 2021"]
[Site "chess24.com INT"]
[Date "2021.06.11"]
[Round "6.5"]
[White "Khademalsharieh, Sarasadat"]
[Black "Shuvalova, Polina"]
[Result "1-0"]
[WhiteTitle "IM"]
[BlackTitle "IM"]
[WhiteElo "2494"]
[BlackElo "2489"]
[WhiteFideId "12512214"]
[BlackFideId "24171760"]
[EventDate "2021.06.10"]

1. Nf3 Nf6 2. c4 e6 3. Nc3 b6 4. g3 Bb7 5. Bg2 Bb4 6. O-O O-O 7. Qc2 d5 8. cxd5
exd5 9. a3 Be7 10. d4 Nbd7 11. Rd1 a6 12. Ne5 h6 13. Bf4 Rc8 14. Qf5 c6 15. e4
dxe4 16. Nxe4 Nxe5 17. Nxf6+ gxf6 18. dxe5 1-0

[Event "Gelfand Challenge 2021"]
[Site "chess24.com INT"]
[Date "2021.06.11"]
[Round "6.6"]
[White "Murzin, Volodar"]
[Black "Abdumalik, Zhansaya"]
[Result "1-0"]
[WhiteTitle "IM"]
[BlackTitle "IM"]
[WhiteElo "2502"]
[BlackElo "2472"]
[WhiteFideId "44155573"]
[BlackFideId "13703544"]
[EventDate "2021.06.10"]

1. e4 e5 2. Nf3 Nc6 3. Bb5 Nf6 4. d3 Bc5 5. O-O d6 6. Nc3 a6 7. Ba4 b5 8. Bb3
Na5 9. Bg5 h6 10. Be3 Nxb3 11. axb3 Bxe3 12. fxe3 c6 13. Qe1 O-O 14. Nh4 g6 15.
h3 Kg7 16. Nf3 Ra7 17. b4 Nh7 18. Qg3 Nf6 19. d4 Re7 20. Qh4 Ree8 21. Rae1 Qe7
22. Qf2 Nh7 23. Qd2 Qc7 24. Nd1 f5 25. exf5 Rxf5 26. dxe5 dxe5 27. Nf2 e4 28.
Nd4 Rf6 29. Qc3 h5 30. Nh1 Ref8 31. Rxf6 Rxf6 32. Rf1 Bd7 33. Qc5 Rxf1+ 34. Kxf1
Kf7 35. Ne2 Nf6 36. Nf4 Bf5 37. Ng3 Qd7 38. Ke1 h4 39. Nxf5 gxf5 40. Qe5 Qe7 41.
Qxf5 Qxb4+ 42. Kd1 Qd6+ 43. Ke2 Ke7 44. Ng6+ Kd8 45. Nxh4 a5 46. Ng6 Kc7 47. Nf4
Kb6 48. Qe6 Qd8 49. g4 a4 50. g5 Ng8 51. h4 b4 52. Qc4 Qf8 53. Qd4+ Kb5 54. Qxe4
a3 55. Ne6 Qd6 56. Nd4+ Kb6 57. bxa3 bxa3 58. Nb3 c5 59. Qa8 Qh2+ 60. Kd3 Qd6+
61. Kc4 Qe6+ 62. Qd5 Qg4+ 63. e4 Qe2+ 64. Qd3 Qh2 65. Nxc5 Ne7 66. Qb3+ Kc7 67.
Qb7+ Kd6 68. Qb8+ Kc6 69. Qxh2 1-0

[Event "Gelfand Challenge 2021"]
[Site "chess24.com INT"]
[Date "2021.06.11"]
[Round "6.7"]
[White "Abdusattorov, Nodirbek"]
[Black "Lei, Tingjie"]
[Result "1-0"]
[WhiteTitle "GM"]
[BlackTitle "GM"]
[WhiteElo "2634"]
[BlackElo "2505"]
[WhiteFideId "14204118"]
[BlackFideId "8605114"]
[EventDate "2021.06.10"]

1. d4 Nf6 2. c4 e6 3. Nf3 d5 4. Nc3 Bb4 5. cxd5 exd5 6. Bf4 c6 7. e3 Bf5 8. Qb3
Qb6 9. Nh4 Be6 10. Bd3 Ne4 11. Nf3 Nd7 12. Qc2 Qa5 13. O-O Bxc3 14. bxc3 Ndf6
15. Ng5 Nxg5 16. Bxg5 Ne4 17. Bh4 g5 18. f3 gxh4 19. fxe4 h3 20. exd5 hxg2 21.
Rfb1 Qxd5 22. Rxb7 Rg8 23. Be4 Qd6 24. c4 Bd7 25. Qf2 Qe6 26. Qf3 Qxc4 27. d5
Rd8 28. dxc6 Be6 29. Qf6 Qc5 30. Qf3 Qc3 31. Rab1 h5 32. Rb8 Bg4 33. Qf4 Qd2 34.
Rxd8+ Kxd8 35. Qf6+ Kc8 36. Bf5+ 1-0

[Event "Gelfand Challenge 2021"]
[Site "chess24.com INT"]
[Date "2021.06.11"]
[Round "6.8"]
[White "Yip, Carissa"]
[Black "Bjerre, Jonas Buhl"]
[Result "0-1"]
[WhiteTitle "IM"]
[BlackTitle "GM"]
[WhiteElo "2430"]
[BlackElo "2542"]
[WhiteFideId "2090732"]
[BlackFideId "1444948"]
[EventDate "2021.06.10"]

1. Nf3 c5 2. e4 d6 3. d4 cxd4 4. Nxd4 Nf6 5. Nc3 a6 6. Bg5 Nbd7 7. f4 Qc7 8. Qe2
e5 9. Nf3 h6 10. Bxf6 Nxf6 11. fxe5 dxe5 12. O-O-O Be6 13. h3 Bd6 14. g4 O-O-O
15. Bg2 Bc4 16. Qf2 Bb4 17. Na4 Kb8 18. a3 Be7 19. Qb6 Nxe4 20. Qxc7+ Kxc7 21.
Nxe5 Bg5+ 22. Kb1 Bd5 23. c4 Nc3+ 24. Nxc3 Bxg2 25. Nxf7 Rxd1+ 26. Rxd1 Rf8 27.
Ne5 Rf1 28. Nd5+ Kd6 29. Rxf1 Bxf1 30. Nf7+ Kc5 31. Kc2 Bxc4 32. Nxg5 Bxd5 33.
b4+ Kd4 0-1

[Event "Gelfand Challenge 2021"]
[Site "chess24.com INT"]
[Date "2021.06.11"]
[Round "6.9"]
[White "Nihal, Sarin"]
[Black "Praggnanandhaa, R"]
[Result "0-1"]
[WhiteTitle "GM"]
[BlackTitle "GM"]
[WhiteElo "2620"]
[BlackElo "2608"]
[WhiteFideId "25092340"]
[BlackFideId "25059530"]
[EventDate "2021.06.10"]

1. e4 c5 2. Nf3 d6 3. Nc3 Nf6 4. e5 dxe5 5. Nxe5 a6 6. g3 Qd6 7. Nc4 Qc6 8. Rg1
Bg4 9. Be2 h5 10. Ne3 Nbd7 11. f3 Bh3 12. f4 e5 13. Bf3 e4 14. Nxe4 Nxe4 15. d3
f5 16. dxe4 fxe4 17. Bxh5+ g6 18. Bg4 O-O-O 19. Bd2 Bg7 20. Bxh3 Rxh3 21. Qg4
Rxh2 22. O-O-O Bd4 23. c3 Bxe3 24. Bxe3 Qa4 25. Rd2 Rxd2 26. Bxd2 Qxa2 27. Re1
Qd5 28. Be3 Qf5 29. Qe2 Nb6 30. g4 Qd5 31. Rd1 Qxd1+ 32. Qxd1 Rxd1+ 33. Kxd1 Nc4
34. Bc1 Kd7 35. b3 Nd6 36. Ke2 b5 37. Ke3 Ke6 38. b4 Kd5 39. Bd2 Nc4+ 40. Ke2 a5
41. bxa5 Nxa5 42. Be3 b4 43. cxb4 cxb4 44. Bc1 Nc4 45. f5 gxf5 46. gxf5 Ke5 0-1

[Event "Gelfand Challenge 2021"]
[Site "chess24.com INT"]
[Date "2021.06.11"]
[Round "6.10"]
[White "Zhu, Jiner"]
[Black "Mendonca, Leon Luke"]
[Result "0-1"]
[WhiteTitle "WGM"]
[BlackTitle "GM"]
[WhiteElo "2462"]
[BlackElo "2549"]
[WhiteFideId "8608059"]
[BlackFideId "35028561"]
[EventDate "2021.06.10"]

1. e4 c5 2. Nf3 d6 3. d4 cxd4 4. Nxd4 Nf6 5. Nc3 a6 6. Be3 e5 7. Nf3 Be7 8. Bc4
O-O 9. O-O Be6 10. Qe2 Bxc4 11. Qxc4 b5 12. Qe2 Nbd7 13. a3 Rc8 14. Bg5 Qb6 15.
Rfd1 Rc4 16. Nd2 Rc7 17. Nf1 Rfc8 18. Ne3 Rxc3 19. bxc3 Rxc3 20. Bxf6 Nxf6 21.
Nd5 Nxd5 22. Rxd5 Qc6 23. Ra2 Rc4 24. Qd1 Rxe4 25. Rd3 g6 26. c3 Rc4 27. Qd2 Kg7
28. Ra1 h5 29. Rd1 Qc5 30. Rf3 Ra4 31. h3 e4 32. Rg3 Bh4 33. Re3 Bg5 34. Qxd6
Qxd6 35. Rxd6 Bxe3 36. fxe3 Rxa3 37. Kf2 Rxc3 38. Rxa6 h4 39. Rb6 Rc2+ 40. Kg1
Rb2 41. Kf1 Kf8 42. Rb7 Kg7 43. Rb6 b4 44. Kg1 b3 45. Kf1 Rb1+ 46. Kf2 b2 47.
Rb7 g5 48. Rb6 f5 49. Rb5 Kf6 50. Rb6+ Ke7 51. Rb7+ Ke6 52. Rb6+ Kd7 53. Rb7+
Kc6 54. Rb8 f4 0-1